000 00645nam a2200205 a 4500
003 OSt
005 20131021134404.0
008 131021n ag ||||| |||| 00| 0 spa d
040 _cBiblioteca Medicina
041 _aspa
082 _bVARIOS 0412
110 1 _aForo de la Seguridad Social Argentina
_92761
245 0 0 _aCurso de Capacitacion en Medicina Familiar. Modulo 7
250 _a1ยบ ed.
260 _as/l
_bForo de la Seguridad Social Argentina
_cs/f
300 _a94 p.
653 _aMEDICINA FAMILIAR-CURSO
942 _2ddc
_cPH
999 _c1839
_d1839
952 _40
_00
_bBFM
_10
_oVARIOS 0412
_d2013-10-21
_tEj. 1
_8NFIC
_70
_cCR
_2ddc
_yPH
_aBFM